000 00291nam a2200121Ia 4500
008 190216s9999||||xx |||||||||||||| ||und||
100 _aAnilchandra Takoor
245 0 _aHindi - Anatha Kaham Sukh Pavai
260 _bYara Publication
_c2008
300 _a104
650 _aHindi
942 _cBK
999 _c16488
_d16488